| 000 | 00418nam a2200193Ia 4500 | ||
|---|---|---|---|
| 008 | 101110s9999 xx 000 0 und d | ||
| 041 | _aURDU | ||
| 082 |
_bSR3473 _a891.4390 |
||
| 100 | _aHaq A. | ||
| 245 | _aSir-Syed Ahmed Khan | ||
| 365 | _b4 | ||
| 520 | _aUrdu | ||
| 546 | _aURDU | ||
| 630 | _aSir-Syed Ahmed Khan | ||
| 650 | _aUrdu | ||
| 655 | _aUrdu | ||
| 730 | _aSir-Syed Ahmed Khan | ||
| 942 | _cBOOK | ||
| 999 |
_c799995 _d799992 |
||